| 000 | 00953cam a22003017a 4500 | ||
|---|---|---|---|
| 003 | CHAP | ||
| 005 | 20220817043352.0 | ||
| 008 | 971013s1966 r 00010 d | ||
| 010 | _a73404 | ||
| 011 | _a74376 | ||
| 035 | _a83935 | ||
| 040 | _cCHAP | ||
| 090 | _aFolleto 5426 | ||
| 100 | 0 | 0 |
_aGarcía Salmerón, José. _946597 |
| 245 | 0 | _aRompevientos forestales en agricultura | |
| 260 |
_aMadrid : _bMinisterio de Agricultura, _c1966 |
||
| 300 |
_a28 p. _b: gráfs. |
||
| 490 | 0 | _aMinisterio de Agricultura. Hojas divulgadoras | |
| 590 |
_aBATCH-UPD _b10 _c20130110 _lUCH01 _h0659 |
||
| 590 |
_aBATCH-UPD _b10 _c20130410 _lUCH01 _h0344 |
||
| 590 |
_aBATCH-UPD _b10 _c20130914 _lUCH01 _h1051 |
||
| 590 |
_aCONVERSION _b10 _c20130109 _lUCH01 _h1340 |
||
| 650 | 1 | 4 |
_aCortina rompevientos. _928313 |
| 830 | 0 | _aMinisterio de Agricultura. Hojas divulgadoras | |
| 901 | _aBK | ||
| 942 | _cFOLL | ||
| 949 |
_aFolleto 5426 _bBC _cFOLL _d-38941 _eTS1 _i83935 _mD _si |
||
| 999 |
_c73404 _d73404 |
||